Countries With The Most Pyramids - Statistics

General Stats
  • This quiz has been taken 72 times
  • The average score is 8 of 10
Answer Stats
Continent Answer % Correct
Africa Egypt
100%
North America Mexico
95%
Africa Sudan
95%
South America Peru
88%
Asia China
85%
Europe Greece
80%
Asia Iran
78%
Asia Japan
72%
Asia Indonesia
69%
Europe Germany
48%
No matching quizzes found
Score Distribution
Percent of People with Each Score
Percentile by Number Answered
Your Score History
You have not taken this quiz